Normal view
MARC view
- Insurgency
Entry Topical Term
001 - CONTROL NUMBER
- control field: 106113
003 - CONTROL NUMBER IDENTIFIER
- control field: NUST
005 - DATE AND TIME OF LATEST TRANSACTION
- control field: 20221227181541.0
008 - FIXED-LENGTH DATA ELEMENTS
- fixed length control field: 221227|| aca||aabn | a|a d
040 ## - CATALOGING SOURCE
- Original cataloging agency: NUST
- Transcribing agency: NUST
150 ## - HEADING--TOPICAL TERM
- Topical term or geographic name entry element: Insurgency
- Form subdivision: Statistics
670 ## - SOURCE DATA FOUND
- Source citation: Work cat.: (NUST)0: Jones, Seth G., 1972- author. 106112, Waging insurgent warfare :
